A unified strategic Business and IT Aligment Model a Study in the Public Universities of Nicaragua

Presenta un estudio de las universidades públicas de Nicaragua sobre el modelo de alineamiento estratégico para crear el alineamiento entre la estrategia del negocio y las estrategias de tecnologías de la información (TI) de las organizaciones que estén haciendo inversiones

Bibliographic Details
Main Author: Vargas Chévez, Norman
Other Authors: Tutor: Johannesson, Paul
Format: Tesis Section = Libro
Language:Undetermined
Spanish
Published: Stockholm UNI 2010
Subjects:
LEADER 01023nam a2200229Ia 4500
008 240830s9999 xx 000 0 und d
040 |a BIBLIOTECA-RUSB/ Mon 303.4833 V297 
041 |a spa 
082 |a Mon 303.4833 V297 
100 1 |a Vargas Chévez, Norman 
245 1 2 |a A unified strategic Business and IT Aligment Model a Study in the Public Universities of Nicaragua 
260 |a Stockholm  |b UNI  |c 2010 
300 |a p. irreg. :il. 
502 |a Tesis (Licenciate in Computer and System) - UNI, 2010. 
520 3 |a Presenta un estudio de las universidades públicas de Nicaragua sobre el modelo de alineamiento estratégico para crear el alineamiento entre la estrategia del negocio y las estrategias de tecnologías de la información (TI) de las organizaciones que estén haciendo inversiones 
650 7 |a TECNOLOGÍA DE LA INFORMACIÓN 
650 7 |b  INNOVACIONES TECNOLÓGICAS 
650 7 |c  TECNOLOGÍA EDUCATIVA 
700 1 |a Tutor:  |b Johannesson, Paul 
942 |c BK  |2 ddc 
991 |a TESIS 
999 |c 19880